000 00685nam a22002537a 4500
003 CHAP
005 20220329134644.0
008 971013s r 00010 d
010 _a23708
011 _a24680
035 _a28779
040 _cCHAP
090 _aR-1278
100 0 0 _aDye, D. W.
_934799
245 _aPectolytic activity in Xanthomonas
500 _aSobretiro de : New Zealand J. Sci. 3:61-9, 1960
590 _aBATCH-UPD
_b10
_c20130110
_lUCH01
_h2133
590 _aCONVERSION
_b10
_c20130109
_lUCH01
_h1314
650 1 4 _aPectinasa.
_986508
650 1 4 _aXanthomonas.
_9122882
901 _aBK
942 _cREIMP
949 _aR-1278
_bBC
_cR
_d-66328
_eTS1
_i28779
_si
999 _c23708
_d23708